00384 2200169 4500001002100000005001500021008004100036020002200077035001900099041000700118082000800125090000800133100001200141245002400153260001700177300002000194INLIS00000000001848120241224115518241224||||||||| | ||| |||| || |  a978-979-054-362-1 0010-1224018481 aid0 a819 a8190 aSopandi00aAsyiknya mendongeng bQuadrac2010 av+58hlm;18x25cm